00970nam a2200217Ia 4500003000400000005001700004008004100021040002100062041000800083082002600091100003700117245018400154250002200338260004000360300002900400504003900429505022100468546000800689650002600697650002900723OSt20200528120536.0191128s1977 ck gr 000 0dspa d aCO-JMCRcCO-JMCR0 aspa04a330.122 / bA662p2231 aArango Jaramillo, Mario, eautor13aEl proceso del capitalismo en Colombia : bluchas de comerciantes y terratenientes por el poder, período inicial de acumulación primaria de capitales /cMario Jaramillo Arango aSegunda edición aMedellín : bHombre Nuevo, c1977 a182 páginas ; c17 cm. aBibliografía: páginas 178-182. aLos comerciantes y la revolución de los comuneros -- La burguesia compradora entra en contradicción con la metropoli -- La idepencia: articulación de América a las nuevas relaciones economicas internacionales aspa14aHistoria económica 24aProducción Capitalismo